000 00516nam a2200157Ia 4500
008 230917s9999||||xx |||||||||||||| ||und||
020 _c₹ 350.00
040 _e5017129
_aMAIN
041 _aEnglish
082 _a891.43301731 SI24S
100 _aस्वप्न, इन्द्रा
245 0 _aसुनहरी किरणें तथा अन्य नाटक
260 _aदिल्ली
_bकृष्णा पब्लिशिंग हाउस
_c2020
300 _a144 p.
942 _cBK
999 _c10945
_d10945